Oración fúnebre de Nuestro Santísimo Padre el Sr. Pío IX, pronunciada en la Iglesia de León el día 11 de marzo de 1878

Detalles Bibliográficos
Autor principal: MERCED SIERRA, José de la
Formato: Libro
Publicado: s.l. s.d.
Materias:
Colección:Banco de datos
Acervo:Biblioteca del Ex Convento de Nuestra Señora de Guadalupe. Zacatecas
Tema general:Literatura
Notas:Buena. XXI,5,16 (6669)
LEADER 00740nam a22001930004500
035 |a 44380 
036 |a 5564 
100 1 |a MERCED SIERRA, José de la 
245 1 0 |a Oración fúnebre de Nuestro Santísimo Padre el Sr. Pío IX, pronunciada en la Iglesia de León el día 11 de marzo de 1878 
260 |a s.l.  |b imp. J.M. Monzón  |c s.d. 
500 |a Buena. XXI,5,16 (6669) 
650 1 0 |a Literatura 
949 |a CRZ-CG 
959 |a Ex convento de Nuestra Señora de Guadalupe, Museo Regional de Zacatecas, Zacatecas  |b CCC4 
960 |a Convento de Nuestra Señora de Guadalupe, Zacatecas  |b DD87 
961 |a Franciscana  |b OF 
942 |c CRZ-CG 
943 |g Biblioteca del Ex Convento de Nuestra Señora de Guadalupe. Zacatecas 
999 |c 968507  |d 968507